000 00795nam a2200241Ia 4500
003 OSt
005 20220925232842.0
006 a|||||r|||| 00| 0
007 ta
008 220923b |||||||| |||| 00| 0 eng d
037 _cGeneral Book
040 _aRTL
_cRTL
_beng
041 _2eng
_aeng
082 _aX991:(D6,9(B), P2/UN
110 _aUnited Nation Conference On Trade Development
_9297897
245 0 _aPartnerships and networking in science and technology in science and technology for development
260 _aNew York
_bUN
_c2002
300 _a40p Bibliography: P 36-37
_ccm.
650 _aGlobalization
700 _aUnited Nation Conference On Trade Development
_9297898
942 _hX991:(D6,9(B), P2/UN
_cGB
_2CC
999 _c592350
_d592350